Ta jihlavská, naše Dukla-- : hokejová univerzita z Vysočiny : [katalog u příležitosti výstavy o historii Dukly Jihlava /

Hlavní autor: Vrbecký, Dušan, 1975-
Korporativní autor: HC Dukla Jihlava (hokejový klub)
Jazyk: Čeština
Vydáno: Jihlava : Muzeum Vysočiny, 2010
Vydání: Vyd. 1.
Témata:
Fyzický popis: 47 s. : il. (některé barev.), portréty ; 21 cm
Knihy
Uloženo v:
LEADER 01852nam a2200493 a 4500
001 nkc20102148808
003 CZ PrNK
005 20110110161100.0
007 ta
008 101130s2010 xr ac e c 000 0 cze
015 |a cnb002148808 
020 |a 978-80-86382-32-6  |q (brož.) 
035 |a (OCoLC)697267447 
040 |a ABA001  |b cze 
043 |a e-xr---  |b e-xr-vy  |2 czenas 
045 |a x5y1 
072 7 |a 796  |x Sport. Hry. Tělesná cvičení  |2 Konspekt  |9 20 
080 |a 796.966:061  |2 MRF 
080 |a 796.966  |2 MRF 
080 |a (437.324)  |2 MRF 
080 |a (083.824)  |2 MRF 
100 1 |a Vrbecký, Dušan,  |d 1975-  |7 xx0041843  |4 aut 
245 1 0 |a Ta jihlavská, naše Dukla-- :  |b hokejová univerzita z Vysočiny : [katalog u příležitosti výstavy o historii Dukly Jihlava /  |c text Dušan Vrbecký] 
250 |a Vyd. 1. 
260 |a Jihlava :  |b Muzeum Vysočiny,  |c 2010 
300 |a 47 s. :  |b il. (některé barev.), portréty ;  |c 21 cm 
500 |a Název z obálky 
504 |a Obsahuje bibliografii 
610 2 7 |a HC Dukla Jihlava (hokejový klub)  |7 mzk2006318371  |2 czenas 
648 4 |a 1956-2010 
650 0 7 |a hokejové kluby  |7 ph136922  |z Česko  |y 20.-21. století  |2 czenas 
650 0 7 |a lední hokej  |7 ph115102  |z Česko  |y 20.-21. století  |2 czenas 
650 0 9 |a hockey clubs  |z Czechia  |y 20th-21st centuries  |2 eczenas 
650 0 9 |a ice hockey  |z Czechia  |y 20th-21st centuries  |2 eczenas 
651 7 |a Jihlava (Česko)  |7 ge129468  |2 czenas 
651 9 |a Jihlava (Czechia)  |2 eczenas 
655 7 |a katalogy výstav  |7 fd132536  |2 czenas 
655 9 |a exhibition catalogs  |2 eczenas 
710 2 |a HC Dukla Jihlava (hokejový klub)  |7 mzk2006318371 
910 2 |a BOA001  |b 2-1256.139 
990 |a BK 
995 |a 01 
991 |b 201101  |c NOV  |e n 
996 6 |b 2610459078  |c 2-1256.139  |l MZK  |r Sklad / do 1 hodiny  |n 2  |p p.v.  |w 001162547  |u 000010  |a 1  |e BOA001  |j MZK50  |s P